[Event "DVM U20 2010"]
[Site "Osnabrück GER"]
[Date "2010.12.30"]
[Round "7"]
[White "Schneider, David"]
[Black "Tkachuk, Konstantyn"]
[Result "1/2-1/2"]
[Termination "normal"]
[Board "1.1"]
[WhiteElo "2269"]
[BlackElo "2174"]
[WhiteTeam "FSV Großenseebach"]
[BlackTeam "SG Bochum 1931"]
[PlyCount "72"]
[WhiteFideId "4697111"]
[BlackFideId "24647330"]
[EventCountry "GER"]
[EventRounds "7"]
[EventType "team-swiss"]
[EventDate "2010.12.26"]

1. Nf3 Nf6 2. b3 g6 3. Bb2 Bg7 4. e3 O-O 5. d4 d6 6. Be2 c6 7. O-O Nbd7 8. c4
Qc7 9. Nc3 a6 10. Qc2 e5 11. Rad1 Re8 12. dxe5 dxe5 13. Ba3 Bf8 14. Bxf8 Nxf8
15. c5 Bf5 16. e4 Bg4 17. Nd2 Bxe2 18. Nxe2 Ne6 19. b4 Nh5 20. Nc4 Nhf4 21.
Nxf4 Nxf4 22. Nd6 Re7 23. g3 Ne6 24. f4 Nd4 25. Qd2 f6 26. fxe5 fxe5 27. Qh6
Ne6 28. Rf6 Rf8 29. Rxf8+ Nxf8 30. Rf1 Ne6 31. Rf6 b6 32. Nf5 bxc5 33. bxc5 Re8
34. Nd6 Re7 35. Nf5 Re8 36. Nd6 Re7 1/2-1/2

[Event "DVM U20 2010"]
[Site "Osnabrück GER"]
[Date "2010.12.30"]
[Round "7"]
[White "Mazarov, Jürgen"]
[Black "Linsenmeyer, Mario"]
[Result "1-0"]
[Termination "normal"]
[Board "1.2"]
[WhiteElo "2141"]
[BlackElo "2108"]
[WhiteTeam "SG Bochum 1931"]
[BlackTeam "FSV Großenseebach"]
[PlyCount "37"]
[WhiteFideId "24617768"]
[BlackFideId "24635138"]
[EventCountry "GER"]
[EventRounds "7"]
[EventType "team-swiss"]
[EventDate "2010.12.26"]

1. e4 e5 2. Nf3 Nc6 3. Bb5 f5 4. d3 fxe4 5. dxe4 Nf6 6. O-O Bc5 7. Qd3 d6 8.
Qc4 Bd7 9. Nc3 a6 10. Bxc6 Bxc6 11. Nxe5 Bxf2+ 12. Rxf2 dxe5 13. Bg5 Qe7 14.
Raf1 Rf8 15. Qd3 Qe6 16. Rf5 Nd7 17. Nd5 Rc8 18. Rxf8+ Nxf8 19. Nxc7+ 1-0

[Event "DVM U20 2010"]
[Site "Osnabrück GER"]
[Date "2010.12.30"]
[Round "7"]
[White "Quaschner, Manuel"]
[Black "Butschek, Marc"]
[Result "0-1"]
[Termination "normal"]
[Board "1.5"]
[WhiteElo "1867"]
[BlackElo "1863"]
[WhiteTeam "FSV Großenseebach"]
[BlackTeam "SG Bochum 1931"]
[PlyCount "72"]
[WhiteFideId "24690139"]
[BlackFideId "4630904"]
[EventCountry "GER"]
[EventRounds "7"]
[EventType "team-swiss"]
[EventDate "2010.12.26"]

1. e4 e6 2. d4 d5 3. Nc3 Nf6 4. e5 Ne4 5. Bd3 Nxc3 6. bxc3 c5 7. Nf3 Nc6 8. O-O
c4 9. Be2 Be7 10. Be3 O-O 11. h3 f6 12. exf6 Bxf6 13. Nh2 Qa5 14. Qe1 e5 15.
Ng4 Bxg4 16. Bxg4 Rae8 17. Rb1 Re7 18. Qd1 exd4 19. cxd4 Qc3 20. Bf3 Rd8 21.
Re1 b6 22. Re2 Qa3 23. Qc1 Qxc1+ 24. Rxc1 Bxd4 25. Bxd4 Rxe2 26. Bxb6 Rxc2 27.
Rxc2 axb6 28. Rd2 Ne7 29. Rd4 Kf7 30. Kf1 Ke6 31. Bg4+ Kd6 32. Ke2 Kc5 33. Rf4
Ra8 34. Rf7 Rxa2+ 35. Kf3 Ng6 36. Rc7+ Kd4 0-1

[Event "DVM U20 2010"]
[Site "Osnabrück GER"]
[Date "2010.12.30"]
[Round "7"]
[White "Budszuhn, Timo"]
[Black "Nemeth-Csoka, Mihaly"]
[Result "1-0"]
[Termination "normal"]
[Board "1.6"]
[WhiteElo "1946"]
[BlackElo "1746"]
[WhiteTeam "SG Bochum 1931"]
[BlackTeam "FSV Großenseebach"]
[PlyCount "58"]
[WhiteFideId "1270607"]
[BlackFideId "24659436"]
[EventCountry "GER"]
[EventRounds "7"]
[EventType "team-swiss"]
[EventDate "2010.12.26"]

1. e4 e5 2. Nf3 Nc6 3. d4 exd4 4. Nxd4 Qh4 5. Nb5 Qxe4+ 6. Be2 Kd8 7. O-O Nf6
8. N1c3 Qh4 9. g3 Qb4 10. Bg5 Be7 11. Be3 Ne4 12. Nd5 Qxb2 13. Bc4 g6 14. Nxe7
Nxe7 15. Rb1 Qg7 16. Qf3 f5 17. Bd4 Qf8 18. Rfe1 c6 19. Nxa7 d5 20. Nxc8 Nxc8
21. Bxh8 Qxh8 22. Qd3 Ncd6 23. Bb3 Nc5 24. Qe3 Nde4 25. f3 d4 26. Rbd1 Kc8 27.
Qxd4 Qxd4+ 28. Rxd4 Nxb3 29. axb3 Nf6 1-0

[Event "DVM U20 2010"]
[Site "Osnabrück GER"]
[Date "2010.12.30"]
[Round "7"]
[White "Borgmeyer, Max"]
[Black "Kyas, Marcel"]
[Result "1/2-1/2"]
[Termination "normal"]
[Board "2.1"]
[WhiteElo "2170"]
[BlackElo "2129"]
[WhiteTeam "Koenigsspringer SC 1984"]
[BlackTeam "SVG Salzgitter"]
[PlyCount "45"]
[WhiteFideId "24615870"]
[BlackFideId "24642037"]
[EventCountry "GER"]
[EventRounds "7"]
[EventType "team-swiss"]
[EventDate "2010.12.26"]

1. e4 e6 2. d4 d5 3. Nc3 dxe4 4. Nxe4 Bd7 5. Nf3 Bc6 6. Bd3 Nd7 7. Bd2 Ngf6 8.
Ng3 Bd6 9. Qe2 Bxf3 10. gxf3 Qe7 11. Ne4 Nd5 12. Nxd6+ Qxd6 13. O-O-O Nf4 14.
Bxf4 Qxf4+ 15. Qe3 Qxe3+ 16. fxe3 O-O-O 17. Rhg1 g6 18. c3 c5 19. Bb5 cxd4 20.
Bxd7+ Rxd7 21. Rxd4 Rhd8 22. Rgd1 e5 23. R4d2 1/2-1/2

[Event "DVM U20 2010"]
[Site "Osnabrück GER"]
[Date "2010.12.30"]
[Round "7"]
[White "Tennert, Simon"]
[Black "Lock, Adrian"]
[Result "0-1"]
[Termination "normal"]
[Board "2.2"]
[WhiteElo "2025"]
[BlackElo "2022"]
[WhiteTeam "SVG Salzgitter"]
[BlackTeam "Koenigsspringer SC 1984"]
[PlyCount "120"]
[WhiteFideId "1270445"]
[BlackFideId "24651290"]
[EventCountry "GER"]
[EventRounds "7"]
[EventType "team-swiss"]
[EventDate "2010.12.26"]

1. e4 e6 2. d4 d5 3. Nc3 Nf6 4. e5 Nfd7 5. f4 c5 6. Nf3 Nc6 7. Be3 cxd4 8. Nxd4
Bc5 9. Qd2 O-O 10. O-O-O a6 11. h4 Nxd4 12. Bxd4 b5 13. Rh3 b4 14. Na4 Bxd4 15.
Qxd4 a5 16. h5 Ba6 17. Kb1 Bxf1 18. Rxf1 Qc7 19. b3 Rfc8 20. Rc1 Ra6 21. Rg3
Rc6 22. Qd1 Kf8 23. c3 Nc5 24. Nxc5 Rxc5 25. Qg4 g6 26. hxg6 hxg6 27. Qh4 Ke8
28. Qh8+ Kd7 29. Qf6 Kc6 30. f5 gxf5 31. Rg7 Rf8 32. c4 dxc4 33. bxc4 Qxe5 34.
Qe7 Qd6 35. Qa7 Qc7 36. Qxc7+ Kxc7 37. Re1 Kd6 38. g4 Rxc4 39. gxf5 exf5 40.
Rg5 Rc5 41. Rg2 Rfc8 42. Rg7 R8c7 43. Rh7 Re5 44. Rh6+ Re6 45. Rd1+ Ke7 46. Rh5
Rc5 47. Rh7 f4 48. Rh4 Rf5 49. Rh2 f3 50. Rdd2 Rfe5 51. Kc2 Re2 52. Kd1 Rxh2
53. Rxh2 Re3 54. Kd2 Ra3 55. Rh4 Ke6 56. Rh6+ f6 57. Rh8 Ke5 58. Ke1 Rxa2 59.
Re8+ Kf4 60. Re6 Re2+ 0-1

[Event "DVM U20 2010"]
[Site "Osnabrück GER"]
[Date "2010.12.30"]
[Round "7"]
[White "Maiorov, Daniel"]
[Black "Bradler, Stephan"]
[Result "0-1"]
[Termination "normal"]
[Board "2.3"]
[WhiteElo "1980"]
[BlackElo "2051"]
[WhiteTeam "Koenigsspringer SC 1984"]
[BlackTeam "SVG Salzgitter"]
[PlyCount "48"]
[WhiteFideId "24646920"]
[BlackFideId "24629367"]
[EventCountry "GER"]
[EventRounds "7"]
[EventType "team-swiss"]
[EventDate "2010.12.26"]

1. Nf3 c5 2. Nc3 Nc6 3. d4 cxd4 4. Nxd4 g6 5. Bg5 Bg7 6. e3 Qa5 7. Bh4 Nxd4 8.
exd4 Qb4 9. Qd2 Qxd4 10. Nd5 Qxh4 11. Nc7+ Kd8 12. Nxa8 b6 13. Qd5 Bxb2 14.
Qxf7 Nh6 15. Qf3 Qb4+ 16. Kd1 Bxa1 17. Bd3 Qb1+ 18. Ke2 Qxh1 19. Qf4 d6 20. Qc4
Bg4+ 21. Kd2 Qd1+ 22. Ke3 Qc1+ 23. Ke4 Qe1+ 24. Kd5 Qe6+ 0-1

[Event "DVM U20 2010"]
[Site "Osnabrück GER"]
[Date "2010.12.30"]
[Round "7"]
[White "Kyas, Philipp"]
[Black "Raider, Eugen"]
[Result "1/2-1/2"]
[Termination "normal"]
[Board "2.4"]
[WhiteElo "2035"]
[BlackElo "1905"]
[WhiteTeam "SVG Salzgitter"]
[BlackTeam "Koenigsspringer SC 1984"]
[PlyCount "68"]
[WhiteFideId "24670936"]
[BlackFideId "24657352"]
[EventCountry "GER"]
[EventRounds "7"]
[EventType "team-swiss"]
[EventDate "2010.12.26"]

1. d4 Nf6 2. c4 e5 3. dxe5 Ne4 4. Nf3 Bb4+ 5. Bd2 Nxd2 6. Nbxd2 Nc6 7. a3 Bxd2+
8. Qxd2 Qe7 9. e3 Nxe5 10. Be2 d6 11. O-O O-O 12. Rfd1 Bg4 13. Nxe5 Bxe2 14.
Qxe2 dxe5 15. Rd2 Rfd8 16. Rad1 Rxd2 17. Qxd2 Kf8 18. Qd5 Rb8 19. Kf1 Ke8 20.
Qe4 g6 21. Rd5 f6 22. b4 c6 23. Rd2 Rd8 24. Rxd8+ Qxd8 25. Ke2 Qe7 26. b5 f5
27. Qd3 cxb5 28. cxb5 Qe6 29. Qc2 Qd5 30. Qb2 Kf7 31. f3 Qc4+ 32. Kf2 Qh4+ 33.
Kf1 Qc4+ 34. Kf2 Qh4+ 1/2-1/2

[Event "DVM U20 2010"]
[Site "Osnabrück GER"]
[Date "2010.12.30"]
[Round "7"]
[White "Langmann, Markus"]
[Black "Langenfeld, Olaf"]
[Result "1-0"]
[Termination "normal"]
[Board "2.5"]
[WhiteElo "1922"]
[BlackElo "2022"]
[WhiteTeam "Koenigsspringer SC 1984"]
[BlackTeam "SVG Salzgitter"]
[PlyCount "103"]
[WhiteFideId "24651281"]
[BlackFideId "24645826"]
[EventCountry "GER"]
[EventRounds "7"]
[EventType "team-swiss"]
[EventDate "2010.12.26"]

1. e4 c5 2. c3 Nf6 3. e5 Nd5 4. d4 cxd4 5. cxd4 d6 6. Bc4 Nb6 7. Bb5+ Bd7 8. e6
fxe6 9. Bd3 Bc6 10. Qg4 Qd7 11. Nh3 Na6 12. Ng5 Nb4 13. Qh5+ Kd8 14. Nf7+ Kc7
15. Qe2 Rg8 16. Bxh7 g6 17. Nc3 Bg7 18. Ng5 e5 19. Bxg8 Rxg8 20. dxe5 Bxe5 21.
O-O Bxc3 22. bxc3 Bb5 23. Qe4 Bxf1 24. Kxf1 Nc6 25. Ne6+ Kc8 26. a4 Ne5 27. Nd4
Nbc4 28. Rb1 Rf8 29. Kg1 d5 30. Qe2 Rf6 31. Bg5 Rf7 32. f4 Nc6 33. Ne6 Nd8 34.
Nxd8 Kxd8 35. Qd3 Qc6 36. Qd4 b6 37. Rd1 Rf5 38. g4 Rxg5 39. fxg5 e6 40. Qf6+
Kc7 41. Qg7+ Kb8 42. Rf1 Nd6 43. Rf8+ Nc8 44. Qe5+ Kb7 45. Rf7+ Ka6 46. Rc7
Qxa4 47. Qe2+ Ka5 48. Rxc8 d4 49. Qe5+ Ka6 50. cxd4 Qd1+ 51. Kf2 Qa1 52. Rc7
1-0

[Event "DVM U20 2010"]
[Site "Osnabrück GER"]
[Date "2010.12.30"]
[Round "7"]
[White "Wolff, Fabian"]
[Black "Stanau, Guido"]
[Result "1-0"]
[Termination "normal"]
[Board "2.6"]
[WhiteElo "1951"]
[BlackElo "1988"]
[WhiteTeam "SVG Salzgitter"]
[BlackTeam "Koenigsspringer SC 1984"]
[PlyCount "33"]
[WhiteFideId "24646032"]
[BlackFideId "24692255"]
[EventCountry "GER"]
[EventRounds "7"]
[EventType "team-swiss"]
[EventDate "2010.12.26"]

1. d4 Nf6 2. Nd2 d6 3. e4 e5 4. c3 exd4 5. cxd4 Nc6 6. Ngf3 Be7 7. Bd3 Bg4 8.
Qc2 O-O 9. a3 Re8 10. O-O Nd7 11. b4 Bf6 12. Bb2 a6 13. Rac1 Bg5 14. Nxg5 Qxg5
15. f4 Qh6 16. Nc4 Nf8 17. Ne3 1-0

[Event "DVM U20 2010"]
[Site "Osnabrück GER"]
[Date "2010.12.30"]
[Round "7"]
[White "Ohme, Melanie"]
[Black "Mons, Leon"]
[Result "1-0"]
[Termination "normal"]
[Board "3.1"]
[WhiteTitle "WIM"]
[WhiteElo "2311"]
[BlackElo "2178"]
[WhiteTeam "SC Leipzig-Gohlis"]
[BlackTeam "SC Forchheim"]
[PlyCount "131"]
[WhiteFideId "4690745"]
[BlackFideId "4614950"]
[EventCountry "GER"]
[EventRounds "7"]
[EventType "team-swiss"]
[EventDate "2010.12.26"]

1. e4 e5 2. Bc4 Nc6 3. d3 Nf6 4. Nc3 Bc5 5. f4 d6 6. Nf3 Na5 7. f5 h6 8. Qe2 c6
9. a4 Nxc4 10. dxc4 O-O 11. Be3 Bxe3 12. Qxe3 d5 13. cxd5 cxd5 14. Nxd5 Nxd5
15. exd5 Bxf5 16. c4 Qa5+ 17. Nd2 Bg6 18. O-O f5 19. Nf3 e4 20. Nd4 f4 21. Rxf4
Rxf4 22. Qxf4 Qc5 23. Rd1 Qxc4 24. Ne6 Qxa4 25. Rc1 Bf7 26. Qe5 Bxe6 27. dxe6
Rd8 28. e7 Re8 29. Re1 Qd7 30. Qxe4 b5 31. b4 Qd6 32. h3 Kf7 33. Rf1+ Kg8 34.
Re1 Kf7 35. Qf3+ Kg8 36. Qb3+ Kh8 37. Qf7 Qd7 38. Kh1 Kh7 39. Re6 Qd1+ 40. Kh2
Qd7 41. h4 a6 42. h5 Kh8 43. Kh3 Qd3+ 44. g3 Qd7 45. Kh4 Qd4+ 46. g4 Qd7 47.
Qf8+ Kh7 48. Qf7 Kh8 49. Re4 Qd6 50. Qg6 Qd7 51. Qf7 Qd6 52. Qf5 Qf6+ 53. Qxf6
gxf6 54. Kg3 Kg7 55. Kf4 Kf7 56. Kf5 Rxe7 57. Rxe7+ Kxe7 58. Kg6 a5 59. bxa5
Kd7 60. Kxh6 b4 61. Kg7 b3 62. h6 b2 63. h7 b1=Q 64. h8=Q Qa1 65. Qh7 Qxa5 66.
Qf5+ 1-0

[Event "DVM U20 2010"]
[Site "Osnabrück GER"]
[Date "2010.12.30"]
[Round "7"]
[White "Seyb, Alexander"]
[Black "Meißner, Felix"]
[Result "1/2-1/2"]
[Termination "normal"]
[Board "3.2"]
[WhiteTitle "FM"]
[WhiteElo "2294"]
[BlackElo "2198"]
[WhiteTeam "SC Forchheim"]
[BlackTeam "SC Leipzig-Gohlis"]
[PlyCount "37"]
[WhiteFideId "4699033"]
[BlackFideId "24671827"]
[EventCountry "GER"]
[EventRounds "7"]
[EventType "team-swiss"]
[EventDate "2010.12.26"]

1. e4 c5 2. Nf3 d6 3. d4 cxd4 4. Nxd4 Nf6 5. Nc3 a6 6. Be2 e5 7. Nb3 Be7 8. O-O
O-O 9. a4 b6 10. Bf3 Bb7 11. Re1 Nbd7 12. Nd2 Rc8 13. Nf1 Nc5 14. Ng3 g6 15.
Bh6 Re8 16. Qd2 Kh8 17. Be3 Qc7 18. Red1 Red8 19. Bg5 1/2-1/2

[Event "DVM U20 2010"]
[Site "Osnabrück GER"]
[Date "2010.12.30"]
[Round "7"]
[White "Doberitz, Paul"]
[Black "Miller, Eduard"]
[Result "1/2-1/2"]
[Termination "normal"]
[Board "3.3"]
[WhiteElo "2221"]
[BlackElo "2110"]
[WhiteTeam "SC Leipzig-Gohlis"]
[BlackTeam "SC Forchheim"]
[PlyCount "248"]
[WhiteFideId "24646130"]
[BlackFideId "24687022"]
[EventCountry "GER"]
[EventRounds "7"]
[EventType "team-swiss"]
[EventDate "2010.12.26"]

1. e4 d6 2. d4 Nf6 3. Nc3 g6 4. Be3 c6 5. h3 b5 6. a3 Nbd7 7. f4 Nb6 8. b3 Qc7
9. Bd3 Bb7 10. Nf3 Bg7 11. O-O a6 12. b4 O-O 13. Qe2 Nfd7 14. Qf2 c5 15. bxc5
dxc5 16. e5 cxd4 17. Bxd4 Nd5 18. Nxd5 Bxd5 19. Ng5 h6 20. Ne4 Qc6 21. Nc3 e6
22. Rfe1 Rab8 23. Nxd5 Qxd5 24. a4 Rfc8 25. axb5 axb5 26. Be4 Qc4 27. Ba7 Bf8
28. Kh2 Bc5 29. Qg3 Bxa7 30. Rxa7 Rc7 31. Bxg6 fxg6 32. Qxg6+ Kf8 33. Qxh6+ Ke7
34. Rxc7 Qxc7 35. Qg7+ Ke8 36. Rd1 Rc8 37. Qg6+ Ke7 38. Qg7+ Ke8 39. Qg6+ Ke7
40. Qh7+ Ke8 41. Qh5+ Ke7 42. Qg5+ Ke8 43. Rd6 Nf8 44. f5 Qe7 45. Qg4 Rc7 46.
fxe6 Qg7 47. Qe4 Rc8 48. Qd5 Ng6 49. Qxb5+ Kf8 50. Rd5 Kg8 51. Rc5 Rf8 52. e7
Qxe7 53. Qc4+ Kh8 54. Qc3 Qe6 55. Rc6 Qxe5+ 56. Qxe5+ Nxe5 57. Rc5 Rf5 58. Rc8+
Kg7 59. g4 Rf3 60. Kg2 Re3 61. c4 Ng6 62. c5 Nf4+ 63. Kf2 Rc3 64. h4 Ne6 65.
Kg2 Nxc5 66. Rd8 Ne4 67. Rd4 Rg3+ 68. Kf1 Rxg4 69. Ke2 Ng3+ 70. Kd3 Rg6 71. Kc4
Nf5 72. Rf4 Kf6 73. Kc5 Ke5 74. Rf1 Nxh4 75. Re1+ Kf4 76. Re8 Rg5+ 77. Kd4 Nf5+
78. Kd3 Rg3+ 79. Kd2 Nd6 80. Rf8+ Ke5 81. Ra8 Kd4 82. Ra4+ Nc4+ 83. Ke2 Rc3 84.
Ra8 Ke4 85. Re8+ Ne5 86. Kd2 Rc7 87. Re6 Kd5 88. Re8 Kd4 89. Rd8+ Ke4 90. Re8
Rc6 91. Re7 Kd4 92. Re8 Nf3+ 93. Ke2 Rf6 94. Rd8+ Ke4 95. Re8+ Ne5 96. Kd2 Rf2+
97. Kc3 Rf3+ 98. Kd2 Rd3+ 99. Kc2 Rd5 100. Kc3 Ke3 101. Rh8 Rc5+ 102. Kb4 Nd3+
103. Kb3 Nf2 104. Kb4 Ne4 105. Re8 Rc1 106. Re7 Rc8 107. Kb3 Kf4 108. Rd7 Ke5
109. Rh7 Nf6 110. Rh6 Rc7 111. Rh8 Rc6 112. Rh1 Ne4 113. Rh8 Kd4 114. Rd8+ Nd6
115. Rh8 Rc3+ 116. Kb4 Rc1 117. Rh4+ Ne4 118. Kb5 Rc5+ 119. Kb6 Re5 120. Rg4
Kc4 121. Rg6 Rf5 122. Rh6 Rg5 123. Kc6 Rg4 124. Kb7 Ng3 1/2-1/2

[Event "DVM U20 2010"]
[Site "Osnabrück GER"]
[Date "2010.12.30"]
[Round "7"]
[White "Stephan, Michael"]
[Black "Hentze, Markus"]
[Result "1/2-1/2"]
[Termination "normal"]
[Board "3.4"]
[WhiteElo "1862"]
[BlackElo "2048"]
[WhiteTeam "SC Forchheim"]
[BlackTeam "SC Leipzig-Gohlis"]
[PlyCount "65"]
[WhiteFideId "24656852"]
[BlackFideId "4670922"]
[EventCountry "GER"]
[EventRounds "7"]
[EventType "team-swiss"]
[EventDate "2010.12.26"]

1. e4 e5 2. Nf3 Nc6 3. Bb5 a6 4. Ba4 Nf6 5. O-O b5 6. Bb3 Be7 7. Re1 d6 8. c3
O-O 9. h3 Na5 10. Bc2 c5 11. d4 Qc7 12. d5 h6 13. Nbd2 Nh7 14. Nf1 f5 15. exf5
Bxf5 16. Ne3 Bxc2 17. Qxc2 Ng5 18. Nh2 Qd7 19. Nhg4 h5 20. Nh2 Qe8 21. Nf5
Nxh3+ 22. Kh1 Ng5 23. Bxg5 Bxg5 24. Nxd6 Qe7 25. Ne4 Nc4 26. Nxg5 Qxg5 27. Nf3
Rxf3 28. gxf3 Rf8 29. Rg1 Qh4+ 30. Kg2 Qg5+ 31. Kh1 Qh4+ 32. Kg2 Qg5+ 33. Kh1
1/2-1/2

[Event "DVM U20 2010"]
[Site "Osnabrück GER"]
[Date "2010.12.30"]
[Round "7"]
[White "Kreyssig, Robert"]
[Black "Justi, Fabian"]
[Result "0-1"]
[Termination "normal"]
[Board "3.5"]
[WhiteElo "1869"]
[BlackElo "1912"]
[WhiteTeam "SC Leipzig-Gohlis"]
[BlackTeam "SC Forchheim"]
[PlyCount "70"]
[WhiteFideId "4662881"]
[BlackFideId "4614828"]
[EventCountry "GER"]
[EventRounds "7"]
[EventType "team-swiss"]
[EventDate "2010.12.26"]

1. d4 d5 2. c4 e6 3. Nc3 c5 4. e3 Nf6 5. Nf3 Nc6 6. a3 cxd4 7. exd4 g6 8. Bg5
Bg7 9. cxd5 exd5 10. Be2 O-O 11. O-O Be6 12. b4 a6 13. Qb3 Qd6 14. Rad1 b5 15.
Rfe1 Rac8 16. Bf1 Nd7 17. g3 Nb6 18. Bf4 Qd7 19. Bg2 Rfe8 20. Ne5 Nxe5 21. Bxe5
Nc4 22. Bxg7 Kxg7 23. Rc1 Rcd8 24. Re2 Kf8 25. Rce1 Bg4 26. Rxe8+ Rxe8 27.
Rxe8+ Qxe8 28. h3 Qe1+ 29. Kh2 Be6 30. Nxd5 Qxf2 31. Nf4 Ne3 32. d5 Nf1+ 33.
Kh1 Nxg3+ 34. Kh2 Nf1+ 35. Kh1 Qxf4 0-1

[Event "DVM U20 2010"]
[Site "Osnabrück GER"]
[Date "2010.12.30"]
[Round "7"]
[White "Theiler, Maximilian"]
[Black "Heistermann, Till"]
[Result "0-1"]
[Termination "normal"]
[Board "3.6"]
[WhiteElo "1774"]
[BlackElo "1909"]
[WhiteTeam "SC Forchheim"]
[BlackTeam "SC Leipzig-Gohlis"]
[PlyCount "52"]
[WhiteFideId "24676829"]
[EventCountry "GER"]
[EventRounds "7"]
[EventType "team-swiss"]
[EventDate "2010.12.26"]

1. d4 Nf6 2. c4 c5 3. d5 b5 4. cxb5 a6 5. b6 d6 6. Nc3 Nbd7 7. e4 g6 8. Nf3 Bg7
9. Be2 O-O 10. O-O Nxb6 11. Qc2 Qc7 12. Bf4 Nh5 13. Bd2 Rb8 14. Nh4 Nf6 15. f4
Nbd7 16. f5 Ne5 17. fxg6 fxg6 18. Nf3 Nxf3+ 19. Rxf3 Ng4 20. Rxf8+ Bxf8 21. Rf1
Bg7 22. b3 Bd4+ 23. Kh1 Nf2+ 24. Kg1 Nxe4+ 25. Kh1 Nf2+ 26. Kg1 Bf5 0-1

[Event "DVM U20 2010"]
[Site "Osnabrück GER"]
[Date "2010.12.30"]
[Round "7"]
[White "Savchenko, Aleksij"]
[Black "Wöllermann, Jan"]
[Result "1/2-1/2"]
[Termination "normal"]
[Board "4.1"]
[WhiteElo "2267"]
[BlackElo "2092"]
[WhiteTeam "SG Porz"]
[BlackTeam "Hagener SV"]
[PlyCount "121"]
[WhiteFideId "24611727"]
[BlackFideId "24661155"]
[EventCountry "GER"]
[EventRounds "7"]
[EventType "team-swiss"]
[EventDate "2010.12.26"]

1. d4 Nf6 2. c4 e6 3. Nc3 Bb4 4. f3 d5 5. a3 Bxc3+ 6. bxc3 c5 7. cxd5 Nxd5 8.
Qd3 O-O 9. e4 Ne7 10. Be3 Qc7 11. Qd2 b6 12. Bf4 Qc6 13. dxc5 Ng6 14. Be3 bxc5
15. Rd1 Nd7 16. Qd6 Qxd6 17. Rxd6 Rb8 18. a4 Rb6 19. Rxb6 axb6 20. Bb5 f5 21.
exf5 exf5 22. Ne2 f4 23. Bf2 Nde5 24. O-O Rd8 25. Re1 Kf7 26. Nxf4 Nxf3+ 27.
gxf3 Nxf4 28. Bg3 g5 29. Bxf4 gxf4 30. Re4 Rd1+ 31. Kf2 Rd2+ 32. Be2 Ba6 33.
Rxf4+ Kg7 34. Re4 Ra2 35. c4 Rxa4 36. Re7+ Kh6 37. Re6+ Kg7 38. Rxb6 Bxc4 39.
Bxc4 Rxc4 40. Rc6 Rh4 41. Kg3 Rh5 42. h4 Rd5 43. Kg4 h5+ 44. Kg3 Kf7 45. Kf4
Rd4+ 46. Kg5 Rd5+ 47. Kh6 Rf5 48. Rc8 Rf6+ 49. Kxh5 Rxf3 50. Rxc5 Kg7 51. Ra5
Rf7 52. Kg5 Rb7 53. Rc5 Ra7 54. Rb5 Rc7 55. Kf5 Ra7 56. Rb6 Ra5+ 57. Ke6 Ra4
58. h5 Kh6 59. Rb5 Rh4 60. Kf6 Rf4+ 61. Ke6 1/2-1/2

[Event "DVM U20 2010"]
[Site "Osnabrück GER"]
[Date "2010.12.30"]
[Round "7"]
[White "Wierum, Colin"]
[Black "Czybik, Nils Patrick"]
[Result "0-1"]
[Termination "normal"]
[Board "4.2"]
[WhiteElo "1990"]
[BlackElo "2103"]
[WhiteTeam "Hagener SV"]
[BlackTeam "SG Porz"]
[PlyCount "68"]
[WhiteFideId "24677981"]
[BlackFideId "24632040"]
[EventCountry "GER"]
[EventRounds "7"]
[EventType "team-swiss"]
[EventDate "2010.12.26"]

1. e4 c5 2. Nc3 g6 3. g3 Bg7 4. Bg2 Nc6 5. Nge2 d6 6. O-O e5 7. d3 Nge7 8. Be3
O-O 9. Qd2 Nd4 10. f4 Rb8 11. Nd1 b5 12. c3 Nxe2+ 13. Qxe2 Qc7 14. c4 exf4 15.
Bxf4 bxc4 16. dxc4 Nc6 17. Rb1 Nd4 18. Qd2 Be6 19. Ne3 Rb4 20. b3 a5 21. Nc2
Nxc2 22. Qxc2 a4 23. Bd2 axb3 24. axb3 Bd4+ 25. Kh1 Rb7 26. Bc3 Be5 27. Ra1
Rfb8 28. Ra3 Qe7 29. Rfa1 Qg5 30. Bd2 Qh5 31. Bc3 Bxg3 32. h3 Bxh3 33. Bxh3
Qxh3+ 34. Kg1 Bf4 0-1

[Event "DVM U20 2010"]
[Site "Osnabrück GER"]
[Date "2010.12.30"]
[Round "7"]
[White "Paulus, Jeffrey"]
[Black "Bonacic, Jascha"]
[Result "1-0"]
[Termination "normal"]
[Board "4.3"]
[WhiteElo "1958"]
[BlackElo "1845"]
[WhiteTeam "SG Porz"]
[BlackTeam "Hagener SV"]
[PlyCount "129"]
[WhiteFideId "24692468"]
[BlackFideId "24647004"]
[EventCountry "GER"]
[EventRounds "7"]
[EventType "team-swiss"]
[EventDate "2010.12.26"]

1. Nf3 g6 2. c4 Bg7 3. g3 Nf6 4. Bg2 d5 5. d4 O-O 6. Nc3 Na6 7. O-O c5 8. dxc5
dxc4 9. Qa4 Qc7 10. Be3 Nxc5 11. Qxc4 Ne6 12. Qb3 Ng4 13. Nd5 Qd8 14. Rfd1 Qe8
15. Bd2 Nf6 16. Nc3 Rb8 17. Ne5 Bd7 18. Qa3 a6 19. Be3 Bb5 20. Bb6 Nd7 21. Nxd7
Bxd7 22. Nd5 Bf6 23. Nxf6+ exf6 24. Ba5 Kg7 25. Bb4 Rh8 26. Bd6 Rc8 27. Bxb7
Rc2 28. Bxa6 Bb5 29. e3 Bxa6 30. Qxa6 Rxb2 31. h4 Qc8 32. Qxc8 Rxc8 33. a4 Rcc2
34. Rf1 Nc5 35. Bxc5 Rxc5 36. a5 Rb7 37. Rfc1 Rxc1+ 38. Rxc1 Ra7 39. Ra1 Ra6
40. g4 h5 41. gxh5 g5 42. Kg2 Kh6 43. Kg3 Kxh5 44. Ra4 f5 45. hxg5 Kxg5 46. Kf3
Kg6 47. Ke2 Kf6 48. Kd3 Ke6 49. Kc4 Kd6 50. Kb5 Ra8 51. a6 Rb8+ 52. Kc4 Kc6 53.
a7 Ra8 54. Ra6+ Kb7 55. Kb5 Rxa7 56. Rxa7+ Kxa7 57. Kc6 Ka6 58. f4 Ka7 59. Kd6
Kb6 60. Ke7 Kc6 61. Kxf7 Kd5 62. Kf6 Ke4 63. Kg5 Kxe3 64. Kxf5 Kd4 65. Ke6 1-0

[Event "DVM U20 2010"]
[Site "Osnabrück GER"]
[Date "2010.12.30"]
[Round "7"]
[White "Rieping, Heiner"]
[Black "Kremser, Michael"]
[Result "0-1"]
[Termination "normal"]
[Board "4.4"]
[WhiteElo "1843"]
[BlackElo "1947"]
[WhiteTeam "Hagener SV"]
[BlackTeam "SG Porz"]
[PlyCount "52"]
[WhiteFideId "24647012"]
[BlackFideId "1270131"]
[EventCountry "GER"]
[EventRounds "7"]
[EventType "team-swiss"]
[EventDate "2010.12.26"]

1. e4 c5 2. Nf3 d6 3. d4 cxd4 4. Nxd4 Nf6 5. Nc3 a6 6. f3 e5 7. Nb3 Be6 8. Be3
Be7 9. Qd2 O-O 10. g4 d5 11. exd5 Nxd5 12. Nxd5 Qxd5 13. O-O-O Rd8 14. Be2
Qxd2+ 15. Rxd2 Rxd2 16. Bxd2 Nc6 17. Rd1 a5 18. Kb1 a4 19. Nc1 Nd4 20. Bc3 Nxe2
21. Nxe2 e4 22. Nd4 exf3 23. h3 f2 24. Rf1 Bh4 25. b3 Bd5 26. Nf5 Bg2 0-1

[Event "DVM U20 2010"]
[Site "Osnabrück GER"]
[Date "2010.12.30"]
[Round "7"]
[White "Sistig, Max"]
[Black "Rethmann, Kristin"]
[Result "0-1"]
[Termination "normal"]
[Board "4.5"]
[WhiteElo "1932"]
[BlackElo "1774"]
[WhiteTeam "SG Porz"]
[BlackTeam "Hagener SV"]
[PlyCount "85"]
[WhiteFideId "1270582"]
[BlackFideId "24655805"]
[EventCountry "GER"]
[EventRounds "7"]
[EventType "team-swiss"]
[EventDate "2010.12.26"]

1. d4 Nf6 2. c4 e6 3. Nf3 b6 4. a3 Bb7 5. Nc3 d6 6. d5 Be7 7. e4 e5 8. Be2 O-O
9. O-O Nbd7 10. Ne1 Nc5 11. f3 a5 12. b3 Nfd7 13. Be3 f5 14. Rc1 Bg5 15. Bxg5
Qxg5 16. Nd3 fxe4 17. fxe4 Rxf1+ 18. Bxf1 Qe3+ 19. Kh1 Nxe4 20. Nxe4 Qxe4 21.
Nf2 Qf5 22. Ng4 Nc5 23. Be2 Rf8 24. h3 Bc8 25. Rc3 Qg5 26. Kg1 Bxg4 27. Bxg4 g6
28. Qe2 Qf4 29. Re3 Qd4 30. Kh2 Rf4 31. Bf3 Kg7 32. g3 Rf8 33. b4 axb4 34. axb4
Nd7 35. Kg2 Ra8 36. h4 Ra4 37. h5 Rxb4 38. h6+ Kxh6 39. Kh3 Rb2 40. Qe1 Qd2 41.
Qg1 Qf2 42. Qxf2 Rxf2 43. Bg4 0-1